Effects of ozonation on the ultrafiltration of meat industry wastewater

Elmentve itt :
Bibliográfiai részletek
Szerzők: Hodúr Cecilia
Ábel Marietta
Kiss Zsolt László
Keszthelyi-Szabó Gábor
László Zsuzsanna
Dokumentumtípus: Cikk
Megjelent: 2018
Sorozat:ENVIRONMENTAL ENGINEERING AND MANAGEMENT JOURNAL 17 No. 2
doi:10.30638/eemj.2018.028

mtmt:3361072
Online Access:http://publicatio.bibl.u-szeged.hu/16655
LEADER 00897nab a2200241 i 4500
001 publ16655
005 20190905103808.0
008 190905s2018 hu o 0|| zxx d
022 |a 1582-9596 
024 7 |a 10.30638/eemj.2018.028  |2 doi 
024 7 |a 3361072  |2 mtmt 
040 |a SZTE Publicatio Repozitórium  |b hun 
041 |a zxx 
100 1 |a Hodúr Cecilia 
245 1 0 |a Effects of ozonation on the ultrafiltration of meat industry wastewater  |h [elektronikus dokumentum] /  |c  Hodúr Cecilia 
260 |c 2018 
300 |a 267-272 
490 0 |a ENVIRONMENTAL ENGINEERING AND MANAGEMENT JOURNAL  |v 17 No. 2 
700 0 1 |a Ábel Marietta  |e aut 
700 0 1 |a Kiss Zsolt László  |e aut 
700 0 2 |a Keszthelyi-Szabó Gábor  |e aut 
700 0 2 |a László Zsuzsanna  |e aut 
856 4 0 |u http://publicatio.bibl.u-szeged.hu/16655/1/Effectsofozonationontheultrafiltrationofmeatindustrywastewater.pdf  |z Dokumentum-elérés